00681nam a2200169 a 450000100100000000500170001000800410002704000250006808200150009311100860010824500290019426001210022330000280034404900090037295201130038199900170049400002785420200930031141.0110405s1979 dr a 000 0 spa d aDO-SdBNPbspacBNPHU axxxxbS4711 aSeminario-taller de fruticulturan(1erd1979, jun. 18-22 :cSanto Domingo)95492710aFruticultura Dominicana. aSanto Domingo :bSecretaría de Estado de Agricultura, Programa Integrado de Desarrollo Frutícola (PIFRU),c1979. a133 p. :bil. ;c28 cm. aBNPD 0010718PDaPDbPDcCTd2011-04-05iLF1l0oxxxx S471p27854-10r2020-06-25w2020-06-25yLFPDZNo se presta c27346d27346